| 000 | 00698nam a2200229Ia 4500 | ||
|---|---|---|---|
| 003 | OSt | ||
| 005 | 20241109114351.0 | ||
| 008 | 210210b2008 xxu||||| |||| 00| 0 eng d | ||
| 040 | _cAL | ||
| 041 | _aeng | ||
| 082 | _a294.5212 ACHS | ||
| 100 |
_aACHAR (K Prabhakar) _9182743 |
||
| 245 |
_aSacred groves of coastal Karnataka _bNaagabanas and bhuuthasthanas |
||
| 260 |
_aGuruvayanakere _bNagarika Seva Trast., _c2008 |
||
| 300 | _a184+ | ||
| 650 |
_aDakshina kannadada devara kadugalu: Nagabanagalu mattu bhutasthanagalu _9182744 |
||
| 650 |
_aSouth Kanara / South canara _9184780 |
||
| 690 |
_aHinduism _9182745 |
||
| 700 |
_aNAYAK (Vidya S) _9182746 |
||
| 906 | _a062914 | ||
| 942 |
_2ddc _cBK |
||
| 999 |
_c130636 _d130636 |
||